| 000 | 00788nam a2200241 a 4500 | ||
|---|---|---|---|
| 001 | 000032850 | ||
| 003 | DO-SdBNP | ||
| 005 | 20240419182556.0 | ||
| 007 | ta | ||
| 008 | 100804s1969 dr g 000 0 spa d | ||
| 040 |
_aDO-SdBNP _bspa _cBNPHU |
||
| 082 | 4 |
_a784.1888 _bH557m _222 |
|
| 100 | 1 |
_aHernández, Julio Alberto, _d1900-1999 _954416 |
|
| 245 | 1 | 0 |
_aMúsica tradicional dominicana / _cJulio Alberto Hernández. |
| 260 |
_aSanto Domingo : _bJulio D. Postigo , _c1969. |
||
| 300 |
_a1195 p. : _bmúsica ; _c23 cm. |
||
| 500 | _aIncluye datos biográficos del autor en las solapas | ||
| 590 | _aInventariado, 2023/BT | ||
| 650 | 0 |
_aMerengue (Baile) _92481 |
|
| 650 | 4 |
_aCultura dominicana _958642 |
|
| 651 | 4 |
_aRepública Dominicana _xMúsica folclórica _958641 |
|
| 942 |
_2ddc _cLBS1 |
||
| 999 |
_c32341 _d32341 |
||